[Event "Szuperliga - GM Szabo Laszlo csoport"]
[Site "?"]
[Date "2024.11.03"]
[Round "2.10"]
[White "Gara, Anita"]
[Black "Havanecz, Bianka"]
[Result "1-0"]
[WhiteElo "2343"]
[BlackElo "2196"]
[PlyCount "95"]
[EventDate "2024.11.02"]
[EventType "team-tourn"]
[EventRounds "9"]
[Source "chess.hu"]
[SourceDate "2024.11.04"]
[WhiteTeam "Tuxera ANSK"]
[BlackTeam "Aquarena Kobanya SC"]
[WhiteTeamCountry "HUN"]
[BlackTeamCountry "HUN"]

1. e4 c6 2. d4 d5 3. e5 c5 4. Nf3 cxd4 5. Nxd4 e6 6. Nd2 Nc6 7. N2f3 Bc5 8.
Nxc6 bxc6 9. Bd3 Qb6 10. O-O Ba6 11. b4 Bf8 12. Be3 Qb7 13. Nd4 Bxd3 14. cxd3
Ne7 15. Qa4 Qd7 16. Rfc1 Rc8 17. Qa6 f6 18. exf6 gxf6 19. b5 cxb5 20. Nxe6 Kf7
21. Nc5 Qg4 22. h3 Qf5 23. Nb7 Rxc1+ 24. Rxc1 Qxd3 25. Nd8+ Ke8 26. Qxf6 Rg8
27. Ne6 Qg6 28. Nc7+ Kd7 29. Qf3 Qf5 30. Qe2 a6 31. Nxa6 Qxh3 32. Qxb5+ Ke6 33.
Nc7+ Ke5 34. Qb2+ Kf5 35. Qc2+ Kf6 36. Bd4+ Kf7 37. f3 Qh4 38. Qf2 Qg5 39. Be3
Qg6 40. a4 Bh6 41. Bxh6 Qxh6 42. Re1 Qc6 43. Nb5 Qg6 44. a5 h5 45. Qe2 Nf5 46.
Qc2 Nh4 47. Qc7+ Kf6 48. Qe7+ 1-0

[Event "Szuperliga - GM Szabo Laszlo csoport"]
[Site "?"]
[Date "2024.11.03"]
[Round "2.1"]
[White "Horvath, Jozsef"]
[Black "Kozul, Zdenko"]
[Result "0-1"]
[WhiteElo "2393"]
[BlackElo "2511"]
[PlyCount "51"]
[EventDate "2024.11.02"]
[EventType "team-tourn"]
[EventRounds "9"]
[Source "chess.hu"]
[SourceDate "2024.11.04"]
[WhiteTeam "Kekesi SE"]
[BlackTeam "Haladas VSE"]
[WhiteTeamCountry "HUN"]
[BlackTeamCountry "HUN"]

1. Nf3 Nf6 2. g3 d5 3. Bg2 g6 4. b3 Bg7 5. Bb2 c5 6. O-O O-O 7. e3 Bg4 8. c4
Nc6 9. cxd5 Qxd5 10. h3 Bxf3 11. Qxf3 Qxf3 12. Bxf3 Nb4 13. Na3 Nd3 14. Bc3
Rab8 15. Nc4 Rfd8 16. a3 Nd5 17. Bxg7 Kxg7 18. Be2 Nf6 19. b4 cxb4 20. axb4
Rbc8 21. Bxd3 Rxd3 22. Ne5 Rxd2 23. Rxa7 Rc7 24. Ra3 Ne4 25. Rd3 Ra2 26. Rd4
0-1

[Event "Szuperliga - GM Szabo Laszlo csoport"]
[Site "?"]
[Date "2024.11.03"]
[Round "2.2"]
[White "Ruck, Robert"]
[Black "Turcan, Richard"]
[Result "1-0"]
[WhiteElo "2516"]
[BlackElo "2348"]
[PlyCount "106"]
[EventDate "2024.11.02"]
[EventType "team-tourn"]
[EventRounds "9"]
[Source "chess.hu"]
[SourceDate "2024.11.04"]
[WhiteTeam "Haladas VSE"]
[BlackTeam "Kekesi SE"]
[WhiteTeamCountry "HUN"]
[BlackTeamCountry "HUN"]

1. Nf3 c5 2. c4 Nc6 3. Nc3 g6 4. e3 Nf6 5. d4 cxd4 6. exd4 d5 7. cxd5 Nxd5 8.
Qb3 e6 9. Bb5 Bg7 10. O-O O-O 11. Bxc6 bxc6 12. Re1 Qb6 13. Qc2 Nb4 14. Qd1 c5
15. Na4 Qc7 16. Nxc5 Na6 17. Ne4 Bb7 18. Bg5 f6 19. Bd2 Qb6 20. Qb3 Bd5 21.
Qxb6 axb6 22. Nc3 Bxf3 23. gxf3 Nb4 24. Rxe6 Nc2 25. Rd1 Nxd4 26. Rxb6 Nxf3+
27. Kg2 Nxd2 28. Rxd2 f5 29. Rb3 Bxc3 30. bxc3 Rf7 31. c4 Rc7 32. Rc2 Ra5 33.
Kf3 Kf7 34. Ke3 Kf6 35. Kd4 Rd7+ 36. Kc3 Rda7 37. Rbb2 Ke5 38. Rb5+ Kd6 39.
Rxa5 Rxa5 40. Kb4 Re5 41. a4 Re1 42. Ra2 Rb1+ 43. Kc3 Rc1+ 44. Kd4 Rd1+ 45. Ke3
Re1+ 46. Kd3 Kc5 47. a5 Rd1+ 48. Kc3 Rc1+ 49. Kd2 Rxc4 50. a6 Rd4+ 51. Ke3 Rd8
52. a7 Ra8 53. Kf4 Kd6 1-0

[Event "Szuperliga - GM Szabo Laszlo csoport"]
[Site "?"]
[Date "2024.11.03"]
[Round "2.3"]
[White "To, Nhat Minh"]
[Black "Jankovic, Alojzije"]
[Result "0-1"]
[WhiteElo "2314"]
[BlackElo "2554"]
[PlyCount "242"]
[EventDate "2024.11.02"]
[EventType "team-tourn"]
[EventRounds "9"]
[Source "chess.hu"]
[SourceDate "2024.11.04"]
[WhiteTeam "Kekesi SE"]
[BlackTeam "Haladas VSE"]
[WhiteTeamCountry "HUN"]
[BlackTeamCountry "HUN"]

1. e4 c5 2. Nf3 Nc6 3. Bb5 Nd4 4. Nxd4 cxd4 5. O-O e6 6. c4 b6 7. d3 Bb7 8. f4
g6 9. Nd2 Nh6 10. Nf3 Bg7 11. Bd2 O-O 12. Qe2 f5 13. Rae1 a6 14. Ba4 b5 15. Bb3
bxc4 16. Bxc4 fxe4 17. dxe4 Qb6 18. Qd3 Ng4 19. g3 Rad8 20. h3 Ne3 21. Bxe3
dxe3 22. Qxe3 Qxe3+ 23. Rxe3 d5 24. exd5 exd5 25. Bb3 Bxb2 26. Rd1 Bf6 27. Red3
Kg7 28. h4 Rfe8 29. Bxd5 Bc8 30. Bc4 Rxd3 31. Rxd3 Re4 32. Bb3 a5 33. Kf2 a4
34. Bd5 Rb4 35. Ne5 Bd8 36. Kf3 Rb2 37. Bc6 Bb6 38. Ra3 Bh3 39. g4 Bg2+ 40. Kg3
Bf2+ 41. Kxg2 Bc5+ 42. Kf3 Bxa3 43. Bxa4 Rxa2 44. Bb3 Rb2 45. Be6 Rh2 46. Kg3
Re2 47. Kf3 Re1 48. Kf2 Re4 49. Kf3 Rd4 50. f5 Bd6 51. Nd7 Be7 52. h5 gxh5 53.
gxh5 Rh4 54. f6+ Bxf6 55. Bg4 Bd4 56. Kf4 Kf7 57. Kg5 Rh2 58. Kf5 Ke7 59. Ke4
Rb2 60. Bf5 Rb4 61. Kf3 Bg7 62. Kg3 Kd6 63. Kh3 Rf4 64. Bg4 Bd4 65. Kg3 Rf2 66.
Kh4 h6 67. Kg3 Rf7 68. Kg2 Kd5 69. Bf3+ Kc4 70. Be2+ Kc3 71. Bg4 Kd3 72. Be6
Rf2+ 73. Kg3 Ke3 74. Bg4 Rf1 75. Kg2 Rf2+ 76. Kg3 Rb2 77. Be6 Rb1 78. Bd5 Rg1+
79. Bg2 Ke2 80. Nf8 Be5+ 81. Kh3 Kf2 82. Ng6 Rxg2 83. Nxe5 Rg5 84. Ng4+ Kf3 85.
Nh2+ Kf4 86. Kh4 Rg3 87. Nf1 Rg1 88. Nh2 Rh1 89. Kh3 Kg5 90. Kg2 Ra1 91. Kg3
Kxh5 92. Nf3 Ra4 93. Kh3 Kg6 94. Kg3 h5 95. Nh4+ Kf6 96. Nf3 Rg4+ 97. Kh3 Kf5
98. Nh4+ Kf4 99. Ng2+ Kg5 100. Ne1 Rf4 101. Kg2 Ra4 102. Nf3+ Kf4 103. Nh2 h4
104. Kh3 Kg5 105. Nf3+ Kh5 106. Kg2 Ra2+ 107. Kh3 Ra3 108. Kg2 Kg4 109. Ne5+
Kf5 110. Nf3 h3+ 111. Kf2 Kf4 112. Nh2 Ra2+ 113. Kg1 Ra1+ 114. Kf2 Rh1 115. Nf3
Kg4 116. Ne5+ Kf5 117. Nf3 Kf4 118. Nd4 h2 119. Kg2 Rd1 120. Ne2+ Kg4 121. Ng3
Rg1+ 0-1

[Event "Szuperliga - GM Szabo Laszlo csoport"]
[Site "?"]
[Date "2024.11.03"]
[Round "2.4"]
[White "Nemeth, Miklos"]
[Black "Bakos, Balazs"]
[Result "1-0"]
[WhiteElo "2422"]
[BlackElo "2380"]
[PlyCount "75"]
[EventDate "2024.11.02"]
[EventType "team-tourn"]
[EventRounds "9"]
[Source "chess.hu"]
[SourceDate "2024.11.04"]
[WhiteTeam "Haladas VSE"]
[BlackTeam "Kekesi SE"]
[WhiteTeamCountry "HUN"]
[BlackTeamCountry "HUN"]

1. e4 d5 2. exd5 Qxd5 3. Nc3 Qd6 4. g3 Nf6 5. Bg2 c6 6. d4 g6 7. Nf3 Bg7 8. O-O
O-O 9. Re1 Bg4 10. Bf4 Qd8 11. h3 Bxf3 12. Qxf3 e6 13. Rad1 Nbd7 14. Na4 Re8
15. c4 Bf8 16. Qb3 Qa5 17. g4 Rad8 18. Nc3 Qb4 19. Bf3 Nb6 20. Bg5 Qxb3 21.
axb3 Kg7 22. Ne4 Be7 23. Nc5 Bxc5 24. dxc5 Nbd7 25. b4 a5 26. bxa5 Nxc5 27.
Rxd8 Rxd8 28. b4 Na4 29. b5 Ra8 30. bxc6 bxc6 31. Ra1 Rxa5 32. Bxf6+ Kxf6 33.
Bd1 g5 34. Rxa4 Rxa4 35. Bxa4 c5 36. Kf1 Ke5 37. Be8 f5 38. Bd7 1-0

[Event "Szuperliga - GM Szabo Laszlo csoport"]
[Site "?"]
[Date "2024.11.03"]
[Round "2.5"]
[White "Istvanovszki, Martin"]
[Black "Kovacs, Gabor"]
[Result "1/2-1/2"]
[WhiteElo "2310"]
[BlackElo "2400"]
[PlyCount "88"]
[EventDate "2024.11.02"]
[EventType "team-tourn"]
[EventRounds "9"]
[Source "chess.hu"]
[SourceDate "2024.11.04"]
[WhiteTeam "Kekesi SE"]
[BlackTeam "Haladas VSE"]
[WhiteTeamCountry "HUN"]
[BlackTeamCountry "HUN"]

1. d4 d5 2. Nc3 Nf6 3. Bf4 e6 4. Nb5 Na6 5. e3 Be7 6. Nf3 c6 7. Nc3 Nb8 8. h4
b6 9. h5 h6 10. Ne5 Bb7 11. Qf3 Nbd7 12. Qg3 Bf8 13. O-O-O a6 14. f3 b5 15. Bd3
Qe7 16. e4 Nxe5 17. Bxe5 Nd7 18. Bf4 b4 19. Na4 Qf6 20. Kb1 Qxd4 21. exd5 cxd5
22. Bb5 Qxd1+ 23. Rxd1 axb5 24. Bd6 Bxd6 25. Qxd6 bxa4 26. Qxb4 Bc6 27. Qc3 Rc8
28. Qxg7 Ke7 29. Qd4 Rhg8 30. g4 Rb8 31. Re1 Rg5 32. Kc1 Rc8 33. Re3 e5 34.
Qb4+ Ke6 35. b3 axb3 36. axb3 Rgg8 37. Re1 Rg5 38. Kb2 f5 39. gxf5+ Rxf5 40.
Rg1 Rcf8 41. Qc3 Kd6 42. Qb4+ Ke6 43. Qc3 Kd6 44. Qb4+ Ke6 1/2-1/2

[Event "Szuperliga - GM Szabo Laszlo csoport"]
[Site "?"]
[Date "2024.11.03"]
[Round "2.6"]
[White "Borhy, Marcell"]
[Black "Petrisor, Adrian-Marian"]
[Result "1/2-1/2"]
[WhiteElo "2356"]
[BlackElo "2387"]
[PlyCount "81"]
[EventDate "2024.11.02"]
[EventType "team-tourn"]
[EventRounds "9"]
[Source "chess.hu"]
[SourceDate "2024.11.04"]
[WhiteTeam "Haladas VSE"]
[BlackTeam "Kekesi SE"]
[WhiteTeamCountry "HUN"]
[BlackTeamCountry "HUN"]

1. Nf3 Nf6 2. g3 g6 3. b3 Bg7 4. Bb2 O-O 5. Bg2 d6 6. d4 e5 7. dxe5 Nfd7 8. Nc3
dxe5 9. Qd2 Re8 10. h4 h6 11. O-O-O Nc6 12. Kb1 a6 13. Qc1 Nd4 14. Nh2 c6 15.
h5 gxh5 16. Nf3 Qe7 17. Rxh5 Nf8 18. Rdh1 Bf5 19. Nxd4 exd4 20. Nd5 Bxc2+ 21.
Qxc2 cxd5 22. Bf3 Rac8 23. Qf5 Rc6 24. Qg4 Rg6 25. Qh4 Qxh4 26. R5xh4 d3 27.
exd3 Bxb2 28. Kxb2 Rf6 29. Rf4 Rxf4 30. gxf4 Ne6 31. Bxd5 Nxf4 32. Bxb7 Nxd3+
33. Kc3 Nc5 34. Bd5 Kg7 35. Rh4 Re2 36. Rf4 Ne6 37. Bxe6 Rxe6 38. a4 h5 39. Kd4
Rh6 40. Rf3 h4 41. Rh3 1/2-1/2

[Event "Szuperliga - GM Szabo Laszlo csoport"]
[Site "?"]
[Date "2024.11.03"]
[Round "2.7"]
[White "Blasko, Istvan"]
[Black "Meszaros, Tamas"]
[Result "0-1"]
[WhiteElo "2259"]
[BlackElo "2376"]
[PlyCount "76"]
[EventDate "2024.11.02"]
[EventType "team-tourn"]
[EventRounds "9"]
[Source "chess.hu"]
[SourceDate "2024.11.04"]
[WhiteTeam "Kekesi SE"]
[BlackTeam "Haladas VSE"]
[WhiteTeamCountry "HUN"]
[BlackTeamCountry "HUN"]

1. d4 Nf6 2. c4 e6 3. Nf3 Bb4+ 4. Bd2 a5 5. g3 d5 6. a3 Be7 7. Bg2 O-O 8. O-O
c6 9. Qc2 Nbd7 10. cxd5 exd5 11. Nc3 Nb6 12. Rad1 Re8 13. Ne5 Bf8 14. e4 dxe4
15. Nxe4 Bf5 16. Nxf6+ Qxf6 17. Qb3 Ra6 18. Rfe1 Be6 19. Qd3 Raa8 20. h4 h6 21.
Be4 Nd7 22. Bc3 Nxe5 23. dxe5 Qe7 24. Qe3 Qc5 25. Bd4 Qb5 26. Bd3 Bc4 27. Bc2
c5 28. Bc3 Bb3 29. Qe2 Qxe2 30. Rxe2 Bxc2 31. Rxc2 b5 32. f4 b4 33. Be1 Red8
34. Rxd8 Rxd8 35. Bf2 Rd1+ 36. Kg2 b3 37. Re2 c4 38. Bb6 c3 0-1

[Event "Szuperliga - GM Szabo Laszlo csoport"]
[Site "?"]
[Date "2024.11.03"]
[Round "2.8"]
[White "Gombocz, Ferenc Jr"]
[Black "Ivan-Gal, Hanna Krisztina"]
[Result "1-0"]
[WhiteElo "2333"]
[BlackElo "2185"]
[PlyCount "87"]
[EventDate "2024.11.02"]
[EventType "team-tourn"]
[EventRounds "9"]
[Source "chess.hu"]
[SourceDate "2024.11.04"]
[WhiteTeam "Haladas VSE"]
[BlackTeam "Kekesi SE"]
[WhiteTeamCountry "HUN"]
[BlackTeamCountry "HUN"]

1. c4 g6 2. g3 Bg7 3. Bg2 e5 4. Nc3 d6 5. d3 f5 6. e4 Nc6 7. Nge2 Nf6 8. Nd5
O-O 9. Bg5 Be6 10. Qd2 Qd7 11. O-O Nd8 12. Bxf6 Bxf6 13. exf5 Bxf5 14. Nxf6+
Rxf6 15. d4 exd4 16. Qxd4 Qg7 17. Nf4 Nc6 18. Qd5+ Kh8 19. Qb5 Raf8 20. Qxb7
Ne5 21. Qxa7 Bg4 22. f3 Bf5 23. Qd4 R6f7 24. Kh1 h5 25. h4 Kh7 26. Bh3 Qf6 27.
a4 Kh6 28. a5 Qe7 29. Bg2 g5 30. Nd5 Qd8 31. f4 gxf4 32. Rxf4 Ng6 33. a6 c6 34.
a7 cxd5 35. Bxd5 Rxa7 36. Rxa7 Qf6 37. Qxf6 Rxf6 38. Rd4 Ne5 39. Kg2 Ng4 40.
Rf4 Ne3+ 41. Kf2 Nd1+ 42. Ke2 Nxb2 43. Rxf5 Rxf5 44. Be4 1-0

[Event "Szuperliga - GM Szabo Laszlo csoport"]
[Site "?"]
[Date "2024.11.03"]
[Round "2.9"]
[White "Radnai, Adam"]
[Black "Lakos, Nikoletta"]
[Result "1-0"]
[WhiteElo "2252"]
[BlackElo "2184"]
[PlyCount "129"]
[EventDate "2024.11.02"]
[EventType "team-tourn"]
[EventRounds "9"]
[Source "chess.hu"]
[SourceDate "2024.11.04"]
[WhiteTeam "Kekesi SE"]
[BlackTeam "Haladas VSE"]
[WhiteTeamCountry "HUN"]
[BlackTeamCountry "HUN"]

1. Nf3 d5 2. g3 Nf6 3. Bg2 e6 4. O-O Be7 5. d3 O-O 6. Nbd2 c5 7. e4 Nc6 8. e5
Nd7 9. Re1 Qc7 10. Qe2 b5 11. h4 b4 12. Nf1 a5 13. Bf4 a4 14. Ne3 Qb6 15. Ng5
Bxg5 16. hxg5 Ndxe5 17. Bxe5 Nxe5 18. Nxd5 exd5 19. Qxe5 Be6 20. Bxd5 Bxd5 21.
Qxd5 Rad8 22. Qf5 g6 23. Qf4 Rd4 24. Re4 f6 25. Rxd4 cxd4 26. Re1 fxg5 27. Qxg5
Qc6 28. Re2 a3 29. b3 Qf3 30. Qe5 Rf5 31. Qe4 Qxe4 32. dxe4 Rc5 33. Rd2 Kg7 34.
Rxd4 Rxc2 35. Rxb4 Rxa2 36. Ra4 Kf6 37. f4 Ra1+ 38. Kg2 a2 39. b4 h6 40. b5 g5
41. b6 Rb1 42. Rxa2 Rxb6 43. Kf3 h5 44. Ra3 g4+ 45. Ke3 Rc6 46. Ra5 Rc3+ 47.
Kd4 Rxg3 48. Rxh5 Rf3 49. e5+ Ke7 50. Ke4 Ra3 51. Kf5 g3 52. Rg5 Rb3 53. Ke4
Rb4+ 54. Kf3 Rb3+ 55. Kg2 Ke6 56. Rxg3 Rb2+ 57. Kf3 Kf5 58. Rg5+ Ke6 59. Rg6+
Kf7 60. Rf6+ Ke7 61. Ke4 Rb4+ 62. Kf5 Rb8 63. Ra6 Rf8+ 64. Ke4 Rb8 65. Ra7+ 1-0

[Event "Szuperliga - GM Szabo Laszlo csoport"]
[Site "?"]
[Date "2024.11.03"]
[Round "2.10"]
[White "Csontos, Aron"]
[Black "Onodi, Miklos"]
[Result "1/2-1/2"]
[WhiteElo "2224"]
[BlackElo "2080"]
[PlyCount "117"]
[EventDate "2024.11.02"]
[EventType "team-tourn"]
[EventRounds "9"]
[Source "chess.hu"]
[SourceDate "2024.11.04"]
[WhiteTeam "Haladas VSE"]
[BlackTeam "Kekesi SE"]
[WhiteTeamCountry "HUN"]
[BlackTeamCountry "HUN"]

1. e4 Nf6 2. e5 Nd5 3. d4 d6 4. Nf3 Nb6 5. a4 a5 6. Nc3 g6 7. exd6 cxd6 8. Bb5+
Bd7 9. h4 Bxb5 10. Nxb5 h5 11. Bg5 Bg7 12. O-O O-O 13. Re1 Re8 14. c3 Nd5 15.
Qd3 Qd7 16. Nd2 Na6 17. Ne4 Nac7 18. Bd2 Nxb5 19. axb5 b6 20. Ng5 Nc7 21. Qf3
e6 22. c4 Bxd4 23. Bc3 Bxc3 24. Qxc3 d5 25. Qd4 Qe7 26. Qxb6 dxc4 27. Qc6 Nd5
28. Qxc4 Qb4 29. Qd3 Qxb2 30. Rab1 Qc3 31. Qe4 Qf6 32. b6 Nc3 33. Qc6 Nxb1 34.
b7 Rab8 35. Rxb1 Qd4 36. Qc7 Qf6 37. Qxa5 Re7 38. Qb6 Rexb7 39. Qxb7 Rxb7 40.
Rxb7 e5 41. Nxf7 Qc6 42. Ra7 Qc1+ 43. Kh2 Qd2 44. Ng5 Qxf2 45. Ra8+ Kg7 46.
Ne6+ Kh7 47. Ng5+ Kh6 48. Ra4 Kg7 49. Rb4 Kf8 50. Re4 Qf5 51. Ra4 Ke7 52. Ra7+
Kd6 53. Ra6+ Kc5 54. Ra4 Kb5 55. Re4 Kc5 56. Ra4 Kb5 57. Re4 Ka5 58. Rc4 Kb5
59. Re4 1/2-1/2

[Event "Szuperliga - GM Szabo Laszlo csoport"]
[Site "?"]
[Date "2024.11.03"]
[Round "2.1"]
[White "Perunovic, Milos"]
[Black "Erdos, Viktor"]
[Result "1/2-1/2"]
[WhiteElo "2508"]
[BlackElo "2533"]
[PlyCount "61"]
[EventDate "2024.11.02"]
[EventType "team-tourn"]
[EventRounds "9"]
[Source "chess.hu"]
[SourceDate "2024.11.04"]
[WhiteTeam "Maroczy SE"]
[BlackTeam "MTK Budapest"]
[WhiteTeamCountry "HUN"]
[BlackTeamCountry "HUN"]

1. e4 e5 2. Nf3 Nc6 3. Bb5 Nf6 4. O-O Nxe4 5. Re1 Nd6 6. Nxe5 Be7 7. Bf1 Nxe5
8. Rxe5 O-O 9. d4 Bf6 10. Re1 Re8 11. Bf4 Rxe1 12. Qxe1 Ne8 13. c3 d5 14. Bd3
g6 15. Nd2 Ng7 16. Qe2 c6 17. Re1 Bf5 18. Bxf5 Nxf5 19. Nf3 Ng7 20. Be5 Ne6 21.
Bxf6 Qxf6 22. Ne5 Re8 23. Ng4 Qd8 24. Qe5 Ng7 25. Qxe8+ Nxe8 26. Rxe8+ Qxe8 27.
Nf6+ Kf8 28. Nxe8 Kxe8 29. f4 f5 30. Kf2 Ke7 31. Ke3 1/2-1/2

[Event "Szuperliga - GM Szabo Laszlo csoport"]
[Site "?"]
[Date "2024.11.03"]
[Round "2.2"]
[White "Sahidi, Samir"]
[Black "Stankovic, Milos"]
[Result "1-0"]
[WhiteElo "2485"]
[BlackElo "2471"]
[PlyCount "85"]
[EventDate "2024.11.02"]
[EventType "team-tourn"]
[EventRounds "9"]
[Source "chess.hu"]
[SourceDate "2024.11.04"]
[WhiteTeam "MTK Budapest"]
[BlackTeam "Maroczy SE"]
[WhiteTeamCountry "HUN"]
[BlackTeamCountry "HUN"]

1. Nf3 e6 2. c4 d5 3. g3 d4 4. Bg2 Nc6 5. d3 Bc5 6. O-O Nf6 7. Na3 O-O 8. Nc2
a5 9. Re1 e5 10. e3 dxe3 11. Bxe3 Bxe3 12. Rxe3 Re8 13. h3 Qd6 14. d4 exd4 15.
Rxe8+ Nxe8 16. Nfxd4 Nxd4 17. Qxd4 Qxd4 18. Nxd4 Kf8 19. Re1 Bd7 20. Nb3 c6 21.
Nc5 Bc8 22. b3 Nc7 23. f4 g6 24. Kf2 Rb8 25. g4 h6 26. Kg3 Ne6 27. Ne4 Bd7 28.
Rd1 Rd8 29. f5 gxf5 30. gxf5 Bc8 31. Rd6 Ke7 32. f6+ Ke8 33. Rxd8+ Nxd8 34. Kh4
Kd7 35. Kh5 Ke6 36. Kxh6 Ke5 37. Kg7 Bf5 38. Ng5 Bg6 39. h4 Kf4 40. Kf8 Kg3 41.
Ke7 Kxh4 42. Nf3+ Kg3 43. Kxd8 1-0

[Event "Szuperliga - GM Szabo Laszlo csoport"]
[Site "?"]
[Date "2024.11.03"]
[Round "2.3"]
[White "Palkovi, Jozsef"]
[Black "Juhasz, Agoston"]
[Result "0-1"]
[WhiteElo "2376"]
[BlackElo "2432"]
[PlyCount "74"]
[EventDate "2024.11.02"]
[EventType "team-tourn"]
[EventRounds "9"]
[Source "chess.hu"]
[SourceDate "2024.11.04"]
[WhiteTeam "Maroczy SE"]
[BlackTeam "MTK Budapest"]
[WhiteTeamCountry "HUN"]
[BlackTeamCountry "HUN"]

1. e4 c5 2. c3 d5 3. exd5 Qxd5 4. d4 Nf6 5. Nf3 Bg4 6. Be2 e6 7. O-O Nc6 8. h3
Bh5 9. Be3 Be7 10. a3 cxd4 11. cxd4 O-O 12. Nc3 Qd6 13. Qb3 Bxf3 14. Bxf3 Nxd4
15. Bxd4 Qxd4 16. Qxb7 Bc5 17. Rad1 Qe5 18. Rde1 Qf4 19. Ne2 Qh4 20. Rc1 Bb6
21. Qa6 Rad8 22. a4 Qb4 23. Rc2 e5 24. Bc6 Rd2 25. Rxd2 Qxd2 26. Qb5 Bc7 27. b3
e4 28. Qc4 Rc8 29. b4 h5 30. Nd4 Rd8 31. Nb3 Qd6 32. g3 h4 33. Bxe4 hxg3 34. f4
Nh5 35. Bg2 Nxf4 36. Nc5 Qd2 37. Qe4 Nxh3+ 0-1

[Event "Szuperliga - GM Szabo Laszlo csoport"]
[Site "?"]
[Date "2024.11.03"]
[Round "2.4"]
[White "Pribelszky, Bence"]
[Black "Peczely, Sebastian Zsombor"]
[Result "1/2-1/2"]
[WhiteElo "2395"]
[BlackElo "2306"]
[PlyCount "67"]
[EventDate "2024.11.02"]
[EventType "team-tourn"]
[EventRounds "9"]
[Source "chess.hu"]
[SourceDate "2024.11.04"]
[WhiteTeam "MTK Budapest"]
[BlackTeam "Maroczy SE"]
[WhiteTeamCountry "HUN"]
[BlackTeamCountry "HUN"]

1. Nf3 d5 2. g3 Nf6 3. Bg2 c6 4. O-O Bg4 5. d3 Nbd7 6. Qe1 e5 7. e4 dxe4 8.
dxe4 Bc5 9. Nbd2 O-O 10. h3 Bxf3 11. Nxf3 Qb6 12. Nh4 Rfd8 13. Nf5 Ne8 14. Qd2
Nf8 15. Qc3 Bd4 16. Qf3 Qc7 17. h4 Ne6 18. h5 h6 19. Bh3 Ng5 20. Bxg5 hxg5 21.
Qg4 f6 22. c3 Bb6 23. Qe2 Nd6 24. Kg2 Qf7 25. b3 Nxf5 26. Bxf5 Rd6 27. Rh1 Rad8
28. Raf1 Rd2 29. Qg4 R8d6 30. a4 a5 31. c4 Qe8 32. Bg6 Qd7 33. Bf5 Qd8 34. h6
1/2-1/2

[Event "Szuperliga - GM Szabo Laszlo csoport"]
[Site "?"]
[Date "2024.11.03"]
[Round "2.5"]
[White "Tesik, Csaba"]
[Black "Papp, Levente"]
[Result "1/2-1/2"]
[WhiteElo "2290"]
[BlackElo "2367"]
[PlyCount "82"]
[EventDate "2024.11.02"]
[EventType "team-tourn"]
[EventRounds "9"]
[Source "chess.hu"]
[SourceDate "2024.11.04"]
[WhiteTeam "Maroczy SE"]
[BlackTeam "MTK Budapest"]
[WhiteTeamCountry "HUN"]
[BlackTeamCountry "HUN"]

1. Nf3 Nf6 2. g3 d5 3. Bg2 c6 4. O-O Bg4 5. d3 Nbd7 6. Nbd2 e5 7. e4 Be7 8. Qe1
Qc7 9. h3 Bxf3 10. Nxf3 O-O 11. Nh4 Rfe8 12. Nf5 Bf8 13. Bg5 h6 14. Bd2 Nc5 15.
Qe2 Rad8 16. Rad1 Kh7 17. Bc1 dxe4 18. dxe4 Rxd1 19. Rxd1 Rd8 20. Rxd8 Qxd8 21.
f3 Ne6 22. c3 Qa5 23. b4 Qa4 24. Ne3 a5 25. a3 axb4 26. axb4 b5 27. Bf1 Qa7 28.
Kg2 Be7 29. Nf5 Bf8 30. Be3 Qd7 31. Qd2 g6 32. Nh4 Qb7 33. Qf2 Qa6 34. Kh2 Qa1
35. Bd2 Qb2 36. Be1 Qb1 37. Qd2 Ng5 38. Bd3 Qb3 39. Bf2 Ne6 40. Be2 Qb1 41. Ng2
h5 1/2-1/2

[Event "Szuperliga - GM Szabo Laszlo csoport"]
[Site "?"]
[Date "2024.11.03"]
[Round "2.6"]
[White "Juhasz, Armin"]
[Black "Papp, Bence"]
[Result "1/2-1/2"]
[WhiteElo "2379"]
[BlackElo "2244"]
[PlyCount "68"]
[EventDate "2024.11.02"]
[EventType "team-tourn"]
[EventRounds "9"]
[Source "chess.hu"]
[SourceDate "2024.11.04"]
[WhiteTeam "MTK Budapest"]
[BlackTeam "Maroczy SE"]
[WhiteTeamCountry "HUN"]
[BlackTeamCountry "HUN"]

1. Nf3 Nf6 2. g3 g6 3. Bg2 Bg7 4. O-O O-O 5. d4 d6 6. Nc3 d5 7. Bf4 Nh5 8. Be3
c6 9. Qc1 Re8 10. Bh6 Bh8 11. e4 dxe4 12. Nxe4 Bf5 13. Qe3 Nf6 14. Nxf6+ exf6
15. Qb3 Qb6 16. Rfe1 Nd7 17. c3 Bg7 18. Bxg7 Kxg7 19. Nd2 Qxb3 20. Nxb3 Rxe1+
21. Rxe1 Be6 22. Na5 Rb8 23. c4 Nb6 24. b3 Kf8 25. Rd1 Bg4 26. Re1 Bd7 27. c5
Nd5 28. Bxd5 cxd5 29. b4 Ba4 30. Nb3 b6 31. Rb1 Re8 32. Rc1 Rb8 33. Rb1 Re8 34.
Rc1 Rb8 1/2-1/2

[Event "Szuperliga - GM Szabo Laszlo csoport"]
[Site "?"]
[Date "2024.11.03"]
[Round "2.7"]
[White "Tubak, Daniel"]
[Black "Jakab, Bela"]
[Result "0-1"]
[WhiteElo "2240"]
[BlackElo "2361"]
[PlyCount "100"]
[EventDate "2024.11.02"]
[EventType "team-tourn"]
[EventRounds "9"]
[Source "chess.hu"]
[SourceDate "2024.11.04"]
[WhiteTeam "Maroczy SE"]
[BlackTeam "MTK Budapest"]
[WhiteTeamCountry "HUN"]
[BlackTeamCountry "HUN"]

1. Nf3 d5 2. g3 Nf6 3. Bg2 e6 4. d4 Be7 5. c4 O-O 6. O-O c6 7. Qc2 Nbd7 8. Nc3
dxc4 9. Rd1 b5 10. a4 b4 11. Nb1 Ba6 12. Bf4 Nd5 13. e4 Nxf4 14. gxf4 Qc7 15.
e5 Nb6 16. Nbd2 Nd5 17. f5 b3 18. Qc1 exf5 19. Nxc4 Rfd8 20. Bf1 f4 21. Bg2 Nb4
22. Qc3 Nd5 23. Qxb3 Rab8 24. Qc2 Bxc4 25. Qxc4 Rxb2 26. Rac1 Rb4 27. Qa6 Rb6
28. Qc4 Rb4 29. Qa6 Rb6 30. Qc4 a5 31. Ne1 Qd7 32. Bf3 Qh3 33. Rd3 Qh6 34. Rb3
Nb4 35. Ng2 g5 36. Rd1 Qg6 37. h3 Kg7 38. Qe2 Qe6 39. Qb2 Qxh3 40. Be4 Qg4 41.
f3 Qe6 42. Ne1 Qc4 43. Rc3 Qe6 44. Rb3 Rdb8 45. Rb1 h6 46. Qd2 Rd8 47. R3b2 c5
48. d5 Qxe5 49. Nc2 c4 50. Qf2 Nd3 0-1

[Event "Szuperliga - GM Szabo Laszlo csoport"]
[Site "?"]
[Date "2024.11.03"]
[Round "2.8"]
[White "Kovacsy, Barnabas"]
[Black "Kopasz, Robert"]
[Result "0-1"]
[WhiteElo "2274"]
[BlackElo "2227"]
[PlyCount "120"]
[EventDate "2024.11.02"]
[EventType "team-tourn"]
[EventRounds "9"]
[Source "chess.hu"]
[SourceDate "2024.11.04"]
[WhiteTeam "MTK Budapest"]
[BlackTeam "Maroczy SE"]
[WhiteTeamCountry "HUN"]
[BlackTeamCountry "HUN"]

1. e4 e5 2. Nf3 Nc6 3. Bb5 a6 4. Ba4 Nf6 5. d3 d6 6. c3 Be7 7. O-O O-O 8. Nbd2
b5 9. Bc2 Re8 10. Re1 Bf8 11. Nf1 g6 12. Ng3 Bg7 13. h3 h6 14. a4 Rb8 15. axb5
axb5 16. d4 exd4 17. Nxd4 Nxd4 18. cxd4 c5 19. Be3 Nd7 20. Qd2 h5 21. Rad1 Qe7
22. Bg5 Qf8 23. Ne2 Nb6 24. b3 c4 25. f3 d5 26. Nc3 dxe4 27. fxe4 Qb4 28. Nb1
Qxd2 29. Rxd2 Be6 30. Bf4 Rbc8 31. d5 Bxd5 32. Be3 cxb3 33. Bd1 Bxe4 34. Bxb6
Bxb1 35. Rxe8+ Rxe8 36. Bxb3 Bf5 37. Bd5 Bc3 38. Ra2 b4 39. Bb3 Re1+ 40. Kf2
Be6 41. Ra8+ Kg7 42. Bxe6 Rxe6 43. Bc5 g5 44. Rb8 Re4 45. Kf3 Rc4 46. Bf8+ Kg6
47. Ke3 h4 48. Rb6+ f6 49. Rb5 Rd4 50. Rb7 Rd1 51. Ke4 Re1+ 52. Kf3 Rf1+ 53.
Ke4 Rf4+ 54. Ke3 Kf5 55. Rb5+ Ke6 56. Ke2 Kf7 57. Bc5 Ke6 58. Bf8 Kd7 59. Rc5
Re4+ 60. Kd3 Re8 0-1